Crisis del café, trayectorias laborales y ciudadanía en San Juan Alotenango /
Guardat en:
| Autor principal: | |
|---|---|
| Autor corporatiu: | |
| Altres autors: | , |
| Format: | Text |
| Publicat: |
Guatemala :
|
| Etiquetes: |
Afegir etiqueta
Sense etiquetes, Sigues el primer a etiquetar aquest registre!
|
MARC
| LEADER | 00000 a a2200000 04500 | ||
|---|---|---|---|
| 001 | 37016 | ||
| 003 | |||
| 040 | |||
| 090 | |a 0009 S687c | ||
| 100 | |a Castillo, Roberto | ||
| 110 | |a Flacso (Costa Rica) | ||
| 245 | |a Crisis del café, trayectorias laborales y ciudadanía en San Juan Alotenango / |c Roberto Castillo | ||
| 260 | |a Guatemala : | ||
| 300 | |a 92 p. | ||
| 500 | |a También en Desarrollo Económico local en Centroamérica: estudios de comunidades globalizadas0001 L354d | ||
| 700 | |a Sáenz de Tejada, Ricardo | ||
| 700 | |a Solís, Brenda | ||
| 999 | |c 5734 |d 5734 | ||
